| 000 | 00579nam a2200157 i 4500 | ||
|---|---|---|---|
| 001 | 40621 | ||
| 003 | ES-MaACL | ||
| 005 | 20230906160254.0 | ||
| 007 | t| | ||
| 008 | 030306s1915 mx ||||1| spa d | ||
| 100 | 1 |
_aCarreño, Alberto María. _935611 |
|
| 245 | 1 | 0 |
_aJoyas literarias del siglo XVII encontradas en México _b: Fray Miguel de Guevara y el célebre soneto castellano "no me mueve mi Dios para quererte" / _cAlberto María Carreño. |
| 260 |
_a[S.l. : _bs.n., _c1915] ( _eMéxico : _fImp. Franco Mexicana) |
||
| 300 |
_a264 p. ; _c24 cm. |
||
| 852 |
_aES-MaACL _jF-1002 |
||
| 999 |
_c40621 _d40621 |
||